000
00297nam a22001337a 4500
008
170607b xxu||||| |||| 00| 0 eng d
020
_a
9780521636193
041
_a
eng
080
_a
94(4)
100
_a
18
101
_a
SHH
245
_a
RUSSIA CONFRONTS CHECHNYA
_c
DUNLOP,J.B
942
_2
udc
_c
BK
999
_c
16281
_d
16281